000 00435nam a22001697a 4500
003 LK-CoDNM
005 20250110120112.0
008 250110b |||||||| |||| 00| 0 eng d
040 _aLK-CoDNM
_dLK-CoDNM
_eLK-CoDNM
041 _aeng
080 _a5
_bO3
245 _aThe Commissioner
_bPart xxviii
260 _aWashington
_bGovernment Printing Office
_c1904
300 _a449p. : map ; 24 cm
650 _aScience
942 _cBK
999 _c235920
_d235920